banner-ar

البناء الوجدانى للطفل / (Record no. 62329)

MARC details
000 -الفاتح
حقل البيانات ثابتة الطول 00681nam a22002057a 4500
005 - وقت وتاريخ اخر تعامل مع التسجيلة
رقم الضبط 20240530110544.0
008 - عناصر البيانات ثابتة الطول - معلومات عامة
حقل البيانات ثابتة الطول 160519s2014 ua a|||g b||| 00| 0 a d
017 ## - رقم الايداع القانونى
رقم الايداع القانونى 569
المصدر ( الهيئة المختصة) الكويت. دار الكتب
التاريخ 2013
020 ## - الرقم الدولى المعيارى للكتب
الرقم الدولى المعيارى للكتاب 9789990645026
040 ## - مصدر الفهرسة
وكالة الفهرسة الأصلية EG-CaGPL
082 04 - رقم تصنيف ديوى العشرى
رقم التصنيف 155.412
رقم المادة م ب
رقم الطبعة 21
100 0# - المدخل الرئيسى - إسم شخصى
الإسم الشخصى مسعد نجاح ابوالديار
245 12 - بيان العنوان
العنوان البناء الوجدانى للطفل /
بيان المسئوليه,etc مسعد نجاح ابوالديار.
300 ## - الوصف المادى
التعداد 327 ص. :
تفاصيل ماديه اخرى للوعاء ايض. ؛
أبعاد الوعاء 25 سم.
504 ## - تبصرة ببليوجرافية
تبصرة ببليوجرافية,الخ ببليوجرافية :ص. 297-327.
650 04 - المدخل الاضافى بالموضوع-مصطلح موضوعى
مصطلح موضوعي الاطفال
التقسيم الفرعي العام علم نفس
650 04 - المدخل الاضافى بالموضوع-مصطلح موضوعى
مصطلح موضوعي عواطف الاطفال
650 04 - المدخل الاضافى بالموضوع-مصطلح موضوعى
مصطلح موضوعي الوجدان
942 ## - عناصر المدخل الإضافي( كوها)
مصدر التصنيف او مخطط الترفيف Dewey Decimal Classification
Koha [default] item type كتاب
Holdings
حالة التراجع حالة الفقد حالة تلف ليس للاعارة المكان المؤقت الموقع الحالى تاريخ الاكتساب اجمالي اﻻعارات رقم الطلب الباركود تاريخ اخر مشاهدة تاريخ تفعيل السعر نوع وعاء كوها
        مكتبة القاهرة الكبرى مكتبة القاهرة الكبرى 05/19/2016   155.412 م ب 162016 05/19/2016 05/19/2016 كتاب

Powered By

EGPV